Historia universal : (Registro nro. 225)
[ vista simple ]
| 000 -Cabecera | |
|---|---|
| Campo de control interno | 01495nam a2200253Ia 4500 |
| 005 - Fecha y hora del registro | |
| control field | 20251203123020.0 |
| 008 - Elementos de Longitud Fija | |
| fixed length control field | 251203t2005||||xx |||||||||||||| ||spa|| |
| 020 ## - ISBN | |
| ISBN | 9972752712 |
| 041 ## - Idioma | |
| Codigo Idioma | ESP |
| 082 ## - DEWEY y NOTACIÓN INTERNA | |
| Dewey | RO 909 |
| Notación Interna | H59 |
| 110 ## - AUTOR INSTTITUCIONAL | |
| Autor Institucional | Salvat Editores |
| 245 #0 - TÍTULO DE MATERIAL BIBLIOGRÁFICO | |
| Título | Historia universal : |
| Título paralelo | Tomos 1-20 |
| 250 ## - EDICIÓN | |
| Edición | Primera edición |
| 260 ## - CIUDAD, EDITORIAL, AÑO | |
| Ciudad | Lima : |
| Nombre de la Editorial | Salvat Editores, |
| Año | 2005 |
| 300 ## - DESCRIPCIÓN | |
| N° Páginas | Varias paginaciones : |
| Otros detalles | ilustraciones, fotografías ; |
| Dimensiones | 22 cm. |
| Material Adicional | |
| 440 ## - MENCIÓN DE SERIE | |
| Título de la Serie | |
| Número de Serie | |
| Volumen de Serie | |
| 500 ## - NOTA GENERAL | |
| Nota General | 2 ejemplares del T. 1 |
| 505 ## - TABLA DE CONTENIDO | |
| Tabla de Contenido | Contiene: Tomo 1: Los orígenes; Tomo 2: La antigüedad Egipto y Oriente Medio; Tomo 3: La antigüedad, Asia y Africa. Los primeros griegos; Tomo 4: Grecia (I); Tomo 5: Grecia (II); Tomo 6: Roma; Tomo 7: El origen de las grandes religiones; Tomo 8: El auge del cristianismo; Tomo 9: La expansión musulmana; Tomo 10: La edad media; Tomo 11: Baja edad media y renacimiento; Tomo 12: Asia y África negra (siglos V al XV); Tomo 13: La era de los descubrimientos europeos. Las luchas de religión; Tomo 14: Civilizaciones precolombinas y conquista de América; Tomo 15: Los cambios de la edad moderna; Tomo 16: El impacto de la revolución francesa; Tomo 17: El siglo XIX en Europa y Norteamérica; Tomo 18: América Latina, África y Asia en los siglos XIX y XX; Tomo 19: Las guerras mundiales; Tomo 20: Fin del siglo. Las claves del siglo XXI |
| 650 ## - TEMAS | |
| Temas | Geografía |
| 653 ## - DESCRIPTORES | |
| Lenguajes no controlado | Historia universal |
| 654 ## - PROGRAMAS | |
| Programa | Todos los programas |
| 942 ## - ELEMENTOS DE KOHA | |
| Tipo de documento | Libro |
| Nombre del creador | Justo Noguera |
| Código de catalogador | Tania Ramirez |
| Esquema de clasificación | Dewey Decimal Classification |
| Suppress in OPAC | |
| Codigo completo | Registro | Colección | Copia número | Disponibilidad | Tipo de préstamo | Biblioteca Actual | Procedencia (Biblioteca) | Ubicacón | Fecha Ingreso | Tipo de Adquisición | Date last seen | Total checkouts | Price effective from | Tipo de Item | Estado del Material | Fuente de Clasificación | Damaged status | Withdrawn status |
|---|---|---|---|---|---|---|---|---|---|---|---|---|---|---|---|---|---|---|
| RO 909 H59 | 1085096 | Colección Vera Bejar | 1 | Restringido | Víctor Andrés Belaunde | Víctor Andrés Belaunde | Planta baja cerrada | 03/12/2025 | Donación | 03/12/2025 | 03/12/2025 | Libro | Bueno | Dewey Decimal Classification | Withdrawn |




